|
|
|
|
| LEADER |
01526nam a22003492a 4500 |
| 001 |
001219174 |
| 003 |
CZ BrMZK |
| 005 |
20120602125710.0 |
| 007 |
ta |
| 008 |
120602s1977 xr a er|||||||||||cze d |
| 015 |
|
|
|a cnb000143620
|
| 035 |
|
|
|a (OCoLC)85254221
|
| 040 |
|
|
|a ABA001
|b cze
|c CBA001
|d ABA001
|
| 041 |
1 |
|
|a cze
|h eng
|
| 080 |
9 |
|
|a 820(73)-312.4
|
| 100 |
1 |
|
|a Stout, Rex,
|d 1886-1975
|7 jn19990008296
|4 aut
|
| 245 |
1 |
0 |
|a Němý řečník /
|c Rex Stout ; [přeložil František Jungwirth ; ilustrace Jan Černý]
|
| 250 |
|
|
|a 1. vyd.
|
| 260 |
|
|
|a Praha :
|b Československý spisovatel,
|c 1977
|
| 300 |
|
|
|a 234, [2] s. ,
|b il. ;
|c 8°
|
| 490 |
1 |
|
|a Spirála
|
| 500 |
|
|
|a Přeloženo z angličtiny
|
| 500 |
|
|
|a 70000 výt.
|
| 520 |
2 |
|
|a V detektivním románě řeší Nero Wolfe s Archiem Goodwinem vraždu spáchanou na řediteli kontrolního cenového úřadu v době jeho projevu na shromáždění amerických průmyslníků. V kritickém pohledu odhaluje autor praktiky americkýchprůmyslových organizací a způsob života americké společnosti.
|
| 700 |
1 |
|
|a Jungwirth, František,
|d 1920-1997
|7 jk01052192
|4 trl
|
| 765 |
0 |
|
|t Silent speaker
|9 Česky
|
| 830 |
|
0 |
|a Spirála (Československý spisovatel)
|0 s
|
| 856 |
4 |
1 |
|u http://www.digitalniknihovna.cz/mzk/uuid/uuid:8980d430-5ed6-11e2-a086-005056827e51
|y Digitalizovaný dokument
|x NDK
|
| 910 |
|
|
|a BOA001
|b D-0789.004
|
| 990 |
|
|
|a BK
|
| 991 |
|
|
|b 201206
|
| 996 |
6 |
|
|b 2619534572
|c D-0789.004
|l MZK
|r Sklad / do 24 hodin
|n 0
|w 001253009
|u 000010
|a 1
|e BOA001
|j MZK50
|s P
|